[Event "Vezerkepzo GM October 2021"]
[Site "Budapest"]
[Date "2021.10.18"]
[Round "5.2"]
[White "Sheng, Joshua"]
[Black "Nitish Belurkar"]
[Result "1-0"]
[WhiteElo "2464"]
[BlackElo "2351"]
[Annotator "TA"]
[PlyCount "95"]
[EventDate "2021.10.14"]
[EventCountry "HUN"]
[SourceTitle "playchess.com"]
[Source "ChessBase"]
[SourceQuality "1"]

{[%evp 13,95,-8,-16,-24,-18,-19,-10,-10,-11,-16,18,7,8,4,0,-16,-12,0,0,-17,4,-10,0,0,0,0,21,17,33,31,60,64,121,116,218,235,279,281,279,270,354,331,352,338,331,343,352,325,367,278,464,453,1358,1335,29987,29988,29988,29989,29989,29990,29990,29988,29988,29989,29989,29988,29988,29989,29989,29990,29990,29991,29991,29992,29992,29993,29993,29994,29994,29995,29995,29996,29996,29997]} 1. e4 {Bartel,M} e6 2. d4 d5 3. Nc3 Bb4 4. e5 c5 5. a3 Bxc3+ 6. bxc3 Ne7 7. h4 Qc7 8. h5 {C18: French: 3 Nc3 Bb4: Main line: 7 h4 and 7 Qg4.} h6 9. Rb1 $1 {[%mdl 4] now scores much better than the old 9.Nf3.} Nbc6 10. Nf3 {The position is equal.} Bd7 11. Be2 O-O-O {[#]} 12. Kf1 $146 ({Predecessor:} 12. O-O f6 13. Bf4 c4 14. Qc1 g5 15. exf6 gxf4 16. fxe7 Rdg8 17. Re1 Rh7 18. Bf1 Rxe7 19. Ne5 Nxe5 20. Rxe5 Rf7 21. Qb2 {0-1 (34) Jakubowski,K (2506)-Bartel,M (2617) Warsaw 2011 CBM 140 Extra [Bartel,M]}) 12... Kb8 13. dxc5 Ka8 14. Bf4 g5 15. hxg6 $1 Nxg6 16. Bg3 Qa5 17. Nd4 Ncxe5 18. f4 Nc4 (18... Qxc3 $2 19. Rb3 $18) 19. Bxc4 Qxc3 20. Bd3 $1 Qxd4 {[#]} 21. Rxb7 $1 {And now Bf2 would win.} Ne7 {[#]} ({Not} 21... Nxf4 $2 22. Rb4 $18) (21... Kxb7 $2 22. Ba6+ $1 {[%mdl 512]} Kxa6 23. Qxd4 $18) (21... Qxc5 22. Bf2) 22. Bf2 $1 Qg7 {[#] Black is now going downhill.} (22... Qf6 $14 23. Ba6 d4) 23. Ba6 $1 $16 {Threatens to win with Rh3.} Rhg8 (23... d4 $16 {was called for.} 24. Rc7 (24. Bxd4 Qg3 $16) 24... Bc6) 24. g3 $40 {[%mdl 128] White goes for the king.} Nc6 {...Bc8 is the strong threat.} 25. Rc7 {Black must now prevent Qb1.} Qb2 26. Bb7+ ({Don't take} 26. Rxh6 Qxa3 27. Qe2 (27. Bb5 Kb8 $17) 27... Rb8 $18) 26... Kb8 {[#]} 27. Rxd7 {[%mdl 576] Remove Defender} Rxd7 28. Bxc6 Rc7 {[#]} 29. Ba4 Qxa3 30. Bb3 a5 {next ...a4 is good for Black.} 31. Qd4 a4 $2 (31... Rgc8 32. Rxh6 Qxc5 33. Qxc5 Rxc5 34. Bxc5 Rxc5) 32. Bxa4 Rxg3 (32... Ra7 $142 33. Bb3 Qa1+ 34. Kg2 Qxd4 35. Bxd4 Re8 36. Rxh6 Kc7) 33. c6 Rg6 34. Ke2 {White mates.} e5 35. Qb6+ Kc8 {[#]} 36. Rb1 $1 {[%csl Gb1][%cal Rb6b8]} Kd8 37. Bh4+ f6 38. Qb8+ Rc8 39. c7+ Ke7 40. Qxc8 Rg2+ 41. Bf2 Qxa4 42. Qd8+ {[%mdl 64] Double Attack} Kf7 43. Qxd5+ {[%mdl 64] Double Attack} Ke7 44. c8=Q {[%csl Gc8][%cal Rd5e6]} Rxf2+ 45. Kxf2 {[%csl Gc8][%cal Rd5e6]} Qxf4+ 46. Ke2 {[%csl Gc8][%cal Rd5e6]} Qh2+ 47. Kd3 {[%csl Gc8][%cal Rd5e6]} Qh3+ 48. Qxh3 {Weighted Error Value: White=0.04/Black=0.44} 1-0

[Event "Vezerkepzo GM October 2021"]
[Site "Budapest"]
[Date "2021.10.18"]
[Round "5.3"]
[White "Pap, Misa"]
[Black "Krishna C R G"]
[Result "0-1"]
[WhiteElo "2397"]
[BlackElo "2478"]
[Annotator "TA"]
[PlyCount "122"]
[EventDate "2021.10.14"]
[EventCountry "HUN"]
[SourceTitle "playchess.com"]
[Source "ChessBase"]
[SourceQuality "1"]

{[%evp 23,122,20,25,25,14,15,16,0,0,0,0,6,29,27,19,30,23,20,20,30,30,17,33,27,65,47,39,38,46,62,63,39,48,33,45,43,58,30,41,20,30,25,22,25,18,0,0,-85,-78,-97,0,-80,-93,-166,-91,-121,-125,-120,-67,-130,-116,-123,-127,-122,-121,-200,-201,-278,-278,-336,-327,-273,-279,-272,-282,-572,-484,-881,-829,-1321,-1313,-5691,-5741,-29965,-29966,-29965,-29966,-29957,-11878,-29976,-29977,-29974,-29979,-29978,-29979,-29982,-29983,-29984,-29985,-29987,-29988]} 1. e4 {Meyer,CD} e6 2. d4 d5 3. e5 c5 4. c3 Nc6 5. Nf3 Qb6 6. a3 Nh6 7. Bd3 Bd7 8. Bc2 cxd4 9. cxd4 Nf5 10. Bxf5 exf5 11. Nc3 Be6 12. O-O Be7 13. Na4 {C02: French: Advance Variation.} Qd8 14. b4 b6 15. Be3 {[#] The position is equal.} g5 $146 ({Predecessor:} 15... Rc8 16. Nb2 g5 17. Nd3 f4 18. Bc1 Qd7 19. Bb2 Nd8 20. Re1 Bf5 21. e6 Nxe6 22. Nfe5 Qb7 {½-½ (57) Hracek,Z (2607)-Fridman,D (2596) Germany 2016 CBM 176 [Meyer,CD]}) 16. Rc1 Rc8 17. Qd3 f4 18. Bd2 $36 {[%mdl 2048] White is pushing.} Qd7 19. b5 Nd8 20. Rxc8 Qxc8 21. Rc1 Qd7 22. Bb4 h6 23. Nc3 {[%cal Ba4c3,Bc3a2,Ba2b4][%mdl 32]} O-O 24. Bxe7 Qxe7 25. Na2 g4 26. Ne1 Qg5 27. Nb4 f6 $1 28. exf6 Qxf6 29. Qd2 Nf7 30. Rc6 {Black must now prevent Nxd5!} Qf5 31. Qd3 {Hoping for Nxd5!} Re8 32. Qxf5 Bxf5 {[%cal Re8e1]} 33. Rc1 Kf8 34. Nxd5 Rd8 35. Nb4 (35. Nxf4 $11 Rxd4 36. Ne2) 35... Rxd4 $17 36. f3 Nd6 (36... g3 $1 $17) 37. fxg4 (37. Nc6 $1 $11 {remains equal.} Rd2 38. fxg4 Bxg4 39. h3) 37... Bxg4 38. h3 {[#]} (38. Nc6 $17 Ra4 39. Ne5) 38... Bh5 (38... Rd1 $1 $19 39. Rxd1 (39. Nbd3 Rxc1) 39... Bxd1) 39. Ned3 Be2 40. Ne5 {[#]} Bxb5 ({Don't do} 40... Nxb5 41. Rc6 $15) ({Better is} 40... Rd1+ $1 $17 41. Rxd1 Bxd1) 41. Rc7 ({White should play} 41. Nf3 $15 Re4 42. Rc7) 41... a5 42. Nbc6 Bxc6 43. Rxc6 {[%mdl 4096] Endgame KRN-KRN} b5 44. Ng6+ (44. Ra6 $17 {might work better.}) 44... Ke8 $19 45. Ra6 Nc4 46. Ne5 Nxe5 {KRN-KR} ({Weaker is} 46... Rd1+ 47. Kf2 $17) 47. Re6+ Kd7 48. Rxe5 {[#] KR-KR} Kc6 49. Re6+ $2 (49. Rh5) 49... Rd6 50. Re4 (50. Re8 $142 Rd3 51. Rc8+ Kb7 52. Rc5) 50... Kc5 51. Rxf4 b4 52. axb4+ axb4 {[%cal Ba5b4,Bb4b3,Bb3b2][%mdl 32]} 53. Kf2 b3 54. Ke3 b2 55. Rf1 Kc4 (55... Kb4 $142 56. Ke4 Kc3 57. g3 Kc2 58. Rh1 Rd1 59. Rh2+ Kb3 60. Rxb2+ Kxb2 61. Kf5 Rd3 62. Kg4 Kc3 63. Kf4 h5 64. h4 Kc4 65. Ke4 Rxg3 66. Ke5 Rg4 67. Kf6 Rxh4 68. Kg6 Rd4 69. Kxh5 Kd5 70. Kg6 Ke6 71. Kg5 Re4 72. Kg6 Rg4+ 73. Kh5 Kf5 74. Kh6 Kf6 75. Kh7 Rh4+ 76. Kg8 Rh3 77. Kf8 Rh8#) 56. g4 Rd3+ {Black mates.} 57. Kf4 Rxh3 58. Rb1 Kc3 59. Kf5 Kc2 60. Rxb2+ Kxb2 61. g5 Rh5 {Weighted Error Value: White=0.74/Black=0.15} 0-1

[Event "Vezerkepzo GM October 2021"]
[Site "Budapest"]
[Date "2021.10.18"]
[Round "5.5"]
[White "Galyas, Miklos"]
[Black "Ansat, Aldiyar"]
[Result "1-0"]
[WhiteElo "2449"]
[BlackElo "2408"]
[Annotator "TA"]
[PlyCount "46"]
[EventDate "2021.10.14"]
[EventCountry "HUN"]
[SourceTitle "playchess.com"]
[Source "ChessBase"]
[SourceQuality "1"]

{[%evp 10,46,15,19,47,53,61,47,77,14,25,23,21,19,61,62,67,50,64,29,34,44,39,32,59,60,52,45,120,111,118,118,110,111,110,114,118,112,110]} 1. c4 e5 2. Nc3 Bb4 3. e4 Nf6 4. g3 O-O 5. Nge2 c6 6. Bg2 $1 d5 {A22: English Opening: 1...e5 2 Nc3 Nf6.} 7. exd5 cxd5 8. cxd5 Bf5 {White is slightly better.} 9. a3 {[#]} (9. d4 $16 Nbd7 10. O-O) 9... Ba5 $146 ({Predecessor:} 9... Bc5 10. b4 Bd4 11. d3 Bg4 12. Bd2 a5 13. bxa5 Rxa5 14. O-O Nxd5 15. Qb3 Nxc3 16. Nxc3 {1-0 (32) Arutinian,D (2444)-Galstian,B (2365) Moscow 2004}) 10. b4 Bb6 11. d3 Na6 12. O-O h6 13. Bb2 Re8 14. Na4 Nxd5 15. Nxb6 axb6 16. Re1 Qd6 17. Nc3 Nxc3 18. Bxc3 Re7 {[#]} ({Black should play} 18... Rad8 $14) 19. d4 $1 $16 {aiming for b5.White is better.} Rc8 20. Rc1 {Strongly threatening b5.} Rec7 21. Rxe5 Rxc3 22. Rxc3 Rxc3 23. Rxf5 {Bd5 is the strong threat.} Nc7 {Weighted Error Value: White=0.06/Black=0.14} 1-0

[Event "Vezerkepzo GM October 2021"]
[Site "Budapest"]
[Date "2021.10.19"]
[Round "6.1"]
[White "Srihari L R"]
[Black "Ansat, Aldiyar"]
[Result "1-0"]
[WhiteElo "2414"]
[BlackElo "2408"]
[Annotator "TA"]
[PlyCount "91"]
[EventDate "2021.10.14"]
[EventCountry "HUN"]
[SourceTitle "playchess.com"]
[Source "ChessBase"]
[SourceQuality "1"]

{[%evp 22,91,7,0,12,0,0,0,0,0,12,8,8,10,14,2,9,0,7,0,0,0,7,0,29,24,24,9,72,61,81,88,119,113,279,272,241,216,192,156,507,501,500,493,514,513,503,491,469,453,452,435,452,453,560,553,614,590,624,620,568,586,671,660,891,872,842,842,1036,983,1043,1002]} 1. Nf3 c5 2. c4 Nf6 3. b3 g6 4. Bb2 Bg7 5. g3 b6 6. Bg2 Bb7 7. O-O O-O 8. Nc3 d5 9. Nxd5 Nxd5 10. Bxg7 Kxg7 11. cxd5 Qxd5 12. d4 cxd4 {A30: Symmetrical English: Double Fianchetto and Hedgehog.} 13. Nh4 Qd7 14. Bxb7 Qxb7 {The position is equal.} 15. Qxd4+ Kg8 16. Rac1 Nd7 17. Rfd1 Nf6 18. Nf3 Rac8 {[#]} 19. Qe5 $146 ({Predecessor:} 19. Kg2 Rc7 20. Qe5 Rcc8 21. b4 a6 22. a4 Kg7 23. Qd4 Rc6 24. Rxc6 Qxc6 25. g4 {½-½ (39) Xu,X (2532)-Fang,Y (2420) China 2017}) 19... Rfe8 20. b4 a6 21. a3 Rc6 22. h3 Qc8 23. Rxc6 Qxc6 24. Rd3 h6 (24... Ne4 $11) 25. Rc3 $16 Qd7 26. Kg2 Nd5 27. Rd3 e6 {[#]} (27... Rd8 $16 {might work better.}) 28. e4 $1 $18 {[%cal Re4d5]} Qb5 ({Don't go for} 28... Nf4+ $2 29. Qxf4 g5 {[#]} 30. Qxg5+ $3 {[%mdl 512]} hxg5 31. Rxd7 $18) 29. Rd2 Ne7 30. Qf6 {And now Ne5 would win.} Nc6 {Loses the game.} (30... Qc6 $16) 31. Rd7 {White is clearly winning.} Rf8 32. Rc7 Nd8 33. Ne5 {Nxg6! would kill now.} Qe2 34. Nd7 {Hoping for Qe5.} Qxe4+ 35. Qf3 Qd4 36. Nxf8 Kxf8 {[%mdl 4096] Endgame KQR-KQN} 37. Qe3 Qd5+ 38. Kh2 Kg7 39. Qxb6 e5 40. Qc5 Qe4 {If only Black now had time for ...Ne6....} 41. Qe3 Qf5 42. Rc5 Kh7 43. Rxe5 Qc2 44. Qf4 Qc6 45. Re7 Qd5 46. Qf6 {Weighted Error Value: White=0.04/Black=0.44} 1-0

[Event "Vezerkepzo GM October 2021"]
[Site "Budapest"]
[Date "2021.10.19"]
[Round "6.2"]
[White "Fogarasi, Tibor"]
[Black "Galyas, Miklos"]
[Result "0-1"]
[WhiteElo "2333"]
[BlackElo "2449"]
[Annotator "TA"]
[PlyCount "94"]
[EventDate "2021.10.14"]
[EventCountry "HUN"]
[SourceTitle "playchess.com"]
[Source "ChessBase"]
[SourceQuality "1"]

{[%evp 16,94,28,0,10,5,0,-2,31,-1,-1,-1,-1,-10,-11,0,20,0,0,0,0,0,32,0,9,9,0,6,42,48,57,47,45,66,60,55,56,16,35,37,30,24,31,31,40,33,32,15,13,8,14,14,14,17,17,13,15,-8,-8,-12,-20,-69,-55,-62,-60,-60,0,0,0,-123,-125,-441,-365,-814,-785,-704,-711,-1222,-1354,-1018,-939]} 1. e4 Nc6 2. Nf3 d6 3. d4 Nf6 4. Nc3 g6 5. h3 Bg7 6. Be3 O-O 7. d5 Nb8 8. Be2 c6 9. O-O b5 {B08: Pirc Defence: Classical System.} 10. e5 (10. a3 {is more complex.} a6 11. dxc6 Nxc6 12. Qd2 Bb7 13. Bh6) 10... dxe5 11. dxc6 {[#] aiming for Qxd8.} Nxc6 {[#] The position is equal.} (11... Qxd1 {is interesting.} 12. Rfxd1 b4 13. Na4 Nxc6 14. Bb5 Nd4) 12. Qxd8 $146 (12. Nxb5 Nd5 $15) ({Predecessor:} 12. Bxb5 Qc7 13. Qe2 Bb7 14. Rad1 Nb4 15. Rd2 Nbd5 16. Nxd5 Nxd5 17. Rfd1 Nxe3 18. Qxe3 {1-0 (35) Sienczewski,Z (2052)-Vazelakis,D (1969) Nikaia 2013}) 12... Rxd8 13. Bxb5 Nd4 14. Nxe5 {Threatens to win with Rad1.} Nxb5 15. Nxb5 {And now Nc7 would win.} Bb7 16. f4 Nd5 17. Rae1 a6 18. Na3 g5 19. g3 gxf4 20. Bxf4 Nxf4 21. Rxf4 f6 22. Ng4 Rd7 23. Nc4 {Nb6 is the strong threat.} Rad8 24. b3 h5 25. Nge3 e6 26. g4 Rd4 27. Rxd4 Rxd4 28. Rd1 Rxd1+ 29. Nxd1 $11 {[%mdl 4096] Endgame KBB-KNN} Bf8 30. Kf2 Kg7 31. Nde3 Kg6 32. Kg3 Bb4 33. Ng2 Kg5 34. h4+ Kh6 35. a3 Bc3 {White should prevent ...hxg4.} 36. gxh5 Be4 37. Nce3 f5 38. Kf2 e5 ({Don't play} 38... Kxh5 $6 39. Nf4+ Kxh4 40. Nxe6 $16) 39. Ne1 Kxh5 40. Nf3 Bd4 (40... f4 $15 41. Nc4 Bxc2 42. Nfxe5 Be4) 41. c4 Bb2 42. b4 (42. Ng5 $11 {remains equal.} Bb1 43. c5) 42... Bxa3 $17 43. b5 {[%mdl 8192] This move loses the game for White.} (43. Nd2 $17 {is tougher.} Bb7 44. Nc2) 43... Bc5 44. Ke2 $2 {[#]} (44. Ng5 Bd3 45. Ne6) 44... a5 $1 $19 {[%cal Ba6a5,Ba5a4,Ba4a3][%mdl 32] Black is clearly winning.} 45. Nxe5 a4 46. Nd3 Bxd3+ 47. Kxd3 a3 {Weighted Error Value: White=0.55/Black=0.07} 0-1

[Event "Vezerkepzo GM October 2021"]
[Site "Budapest"]
[Date "2021.10.19"]
[Round "6.3"]
[White "Krishna C R G"]
[Black "Seres, Lajos"]
[Result "1/2-1/2"]
[WhiteElo "2478"]
[BlackElo "2409"]
[Annotator "TA"]
[PlyCount "102"]
[EventDate "2021.10.14"]
[EventCountry "HUN"]
[SourceTitle "playchess.com"]
[Source "ChessBase"]
[SourceQuality "1"]

{[%evp 11,102,32,26,20,14,25,24,24,22,4,37,22,22,22,22,18,20,23,24,23,25,25,27,27,33,0,28,12,24,15,35,18,27,20,25,34,30,8,12,10,10,7,6,6,35,3,5,0,25,26,25,30,30,30,26,0,11,0,24,10,10,10,5,0,8,8,10,10,10,0,8,0,15,0,14,16,22,0,8,0,0,0,5,0,0,0,0,0,0,0,0,0,12]} 1. d4 Nf6 2. Nf3 d5 3. c4 c6 4. e3 Bf5 5. Nc3 e6 6. Nh4 Bg6 7. Be2 {D12: Slav Defence: 3 Nf3 Nf6 4 e3 Bf5.} Nbd7 8. O-O Be7 9. Nxg6 {White has an edge.} hxg6 10. h3 O-O 11. Qc2 dxc4 12. Bxc4 c5 13. dxc5 Nxc5 14. Rd1 Qc7 15. Bd2 Rac8 16. Rac1 {[#]} Rfd8 $146 ({Predecessor:} 16... a6 17. Bf1 Qb8 18. Be1 b5 19. g3 Ncd7 20. Qb1 Qb6 21. Ne2 b4 22. Nd4 Ne5 {1-0 (74) Pannekoek,W (2264)-Leenders,C (2290) ICCF email 2017}) 17. Nb5 Qb6 {Black wants to play ...Nd3!} 18. Nc3 Qc7 19. Be1 Rxd1 20. Qxd1 Nce4 21. Bb3 Nxc3 22. Rxc3 Qb8 23. Rxc8+ Qxc8 24. Bc3 Ne4 25. Bd4 b6 26. Bc2 Qc6 27. Qd3 Nd6 28. Be5 Nc4 29. Bd4 Bd6 (29... Nd6 {is more complex.}) 30. b3 Na3 31. Bd1 Nb5 32. Bb2 Ba3 33. Be5 Bd6 34. Bb2 Ba3 35. Qd8+ Kh7 {The position is equal.} 36. Qh4+ Kg8 {And now ...Qd7 would win.} 37. Qd8+ (37. Bxa3 {with more complications.} Nxa3 38. Qd8+ Kh7 39. Bf3 Qc1+ 40. Qd1) 37... Kh7 {[#]} 38. Bf3 $1 Qc5 (38... Qc2 39. Qh4+) 39. Bxa3 Qxa3 40. Qh4+ (40. Qd2 {feels hotter.} Qd6 41. Qc2 Qb4 42. g3 Qc5 43. Qe4) 40... Kg8 41. Qd8+ Kh7 42. g4 Qc1+ 43. Kg2 {Hoping for Qd7.} Qc7 44. Qe8 Nd6 45. Qf8 g5 46. Qa8 g6 47. Qf8 Qd7 48. Qb8 Kg7 49. a4 f6 50. b4 Nc4 51. Ba8 Qe7 {An uneventful encounter.  Weighted Error Value: White=0.07/Black=0.03} 1/2-1/2

[Event "Vezerkepzo GM October 2021"]
[Site "Budapest"]
[Date "2021.10.19"]
[Round "6.4"]
[White "Nitish Belurkar"]
[Black "Pap, Misa"]
[Result "1-0"]
[WhiteElo "2351"]
[BlackElo "2397"]
[Annotator "TA"]
[PlyCount "95"]
[EventDate "2021.10.14"]
[EventCountry "HUN"]
[SourceTitle "playchess.com"]
[Source "ChessBase"]
[SourceQuality "1"]

{[%evp 14,95,35,37,35,33,29,37,50,52,64,62,51,35,34,24,39,20,29,32,20,-23,-18,-47,-41,-37,-50,-36,12,8,0,-68,-77,-80,-48,-60,-46,-107,-103,-152,-80,-92,-34,-39,-39,-32,0,-26,0,-97,-107,-101,-105,-99,-104,-113,-90,-86,-60,-169,-42,-43,-8,-8,-8,-8,51,53,137,135,155,131,487,377,499,488,6024,5744,29981,29982,29985,29986,29989,29990]} 1. e4 e5 2. Nf3 Nc6 3. Bb5 a6 4. Ba4 Nf6 5. O-O b5 6. Bb3 Bb7 7. d3 Bd6 8. a4 O-O {C78: Ruy Lopez: Archangelsk and Möller Defences.} 9. Bg5 h6 10. Bh4 Na5 {White is slightly better.} 11. Ba2 Re8 {[#]} 12. Nc3 $146 ({Predecessor:} 12. axb5 axb5 13. Nc3 b4 14. Nb5 Qe7 15. Qd2 b3 16. Nxd6 Qxd6 17. cxb3 Nc6 18. Bxf6 Qxf6 {1-0 (51) Langer,R (1987)-Krause,N (1896) GER email 2012}) 12... b4 13. Ne2 c5 14. Ng3 b3 15. cxb3 Nc6 $1 16. b4 Nxb4 17. Bb3 g6 18. Qc1 Bf8 19. Nxe5 Rxe5 20. Qc3 $1 {[%cal Rc3e5]} Re6 21. Bxe6 g5 $36 {[%mdl 2048] Black has the initiative.} 22. Bh3 (22. Bxg5 $1 $11 hxg5 23. Bf5) 22... gxh4 $15 23. Nf5 d5 24. e5 $1 {[%cal Re5f6]} Nh7 25. e6 ({White should play} 25. f4 $15) 25... d4 $1 $17 {[%cal Rd4c3]} ({Not} 25... fxe6 $2 26. Nxh6+ $1 {[%mdl 512]} Bxh6 27. Bxe6+ Kf8 28. Qh8+ Ke7 29. Qxh7+ Kxe6 30. d4 $18 (30. Qxh6+ Kd7 $16)) 26. exf7+ Kxf7 ({Better is} 26... Kh8 $1 27. Qe1 Qf6) 27. Qd2 Ng5 (27... Qf6 $17 28. Rae1 Ng5) 28. Bg4 $15 Kg8 29. Nxh4 Nf7 30. Bf3 Nd5 (30... Ra7 $5 {[%cal Rd8h4]} 31. Bxb7 Rxb7 $15) 31. Nf5 (31. g3 $1 $11 {remains equal.}) 31... Qg5 $17 32. Qxg5+ Nxg5 33. Bxd5+ Bxd5 34. Rfe1 Kf7 {[%mdl 1024] Black has strong compensation.} 35. Re5 {[#] Strongly threatening Nxh6+!} Bb3 $1 36. a5 {[#]} (36. h4 $15 Nh7 37. Rc1) 36... Kf6 (36... Rd8 $1 $19 {aiming for ...Kf6.} 37. Ng3 Bd6 38. Rf5+ Kg6) 37. Rae1 $15 Nf7 (37... Rd8 {with more complications.} 38. Ng3 Bd6 39. R5e2 Bd5 40. f4 Ne6) 38. Re8 Rxe8 39. Rxe8 Kxf5 (39... Bd6 $11 40. Nxd6 Nxd6) 40. Rxf8 $14 Ke6 (40... Ke5 $14) 41. Ra8 $16 c4 42. Rxa6+ Nd6 $2 {[%mdl 8192] This move loses the game for Black.} (42... Ke7 $16 {is more resistant.} 43. Rb6 Bc2) 43. Rb6 $18 {Hoping for a6.} Bc2 44. dxc4 Ke5 (44... Ke7 $142 45. c5 Nc4) 45. f4+ Ke4 46. Rxd6 {White mates.} d3 47. a6 d2 48. Rxd2 {Weighted Error Value: White=0.15/Black=0.49} 1-0

[Event "Vezerkepzo GM October 2021"]
[Site "Budapest"]
[Date "2021.10.19"]
[Round "6.5"]
[White "Mahitosh Dey"]
[Black "Sheng, Joshua"]
[Result "0-1"]
[WhiteElo "2229"]
[BlackElo "2464"]
[Annotator "TA"]
[PlyCount "118"]
[EventDate "2021.10.14"]
[EventCountry "HUN"]
[SourceTitle "playchess.com"]
[Source "ChessBase"]
[SourceQuality "1"]

{[%evp 9,118,27,18,17,43,26,20,-6,-7,-13,-5,-20,-10,-18,-11,-54,-10,-37,-34,-36,0,-34,-33,-26,-25,-44,-43,-38,-36,-42,-25,-37,-32,-37,-31,-32,-33,-51,-27,-22,-25,-97,-66,-66,-68,-69,-67,-77,-77,-98,-109,-112,-104,-125,-100,-179,-153,-590,-590,-591,-560,-578,-562,-538,-421,-659,-476,-602,-649,-574,-547,-535,-617,-651,-664,-770,-758,-439,0,-628,-616,-538,-582,-560,-556,-906,-861,-952,-918,-1000,-856,-953,-915,-796,-725,-12839,-12840,-12843,-12843,-12845,-12845,-12845,-12846,-12846,-12846,-27999,-27999,-27999,-27999,-27999,-27999]} 1. e4 c5 2. Nf3 d6 3. Bb5+ Nd7 4. O-O a6 5. Be2 Ngf6 6. d3 {B51: Sicilian: Moscow Variation (3 Bb5+) without 3...Bd7.} g6 7. a4 b6 {[#]} 8. Na3 $146 {The position is equal.} ({Predecessor:} 8. c4 Bg7 9. Nc3 Bb7 10. Bd2 Rb8 11. a5 O-O 12. axb6 Qxb6 13. h3 Ne8 14. Rb1 {½-½ (32) Stushkin,I (2393)-Filipchenko,V (2414) ICCF email 2016}) 8... Bb7 9. c4 Bg7 10. Bd2 $1 O-O 11. Bc3 e6 12. h3 (12. a5 $5) 12... Nb8 13. Qb3 Nc6 14. a5 Nd7 (14... b5 {seems wilder.} 15. cxb5 Nxa5 16. Qc2 Qb6 17. Qb1 Nh5) 15. Bxg7 Kxg7 16. axb6 Qxb6 17. Qxb6 Nxb6 18. Nc2 Rfb8 19. Rfb1 Nd7 20. b4 Nxb4 21. Nxb4 cxb4 22. Rxb4 e5 23. Nd2 a5 24. Rba4 Bc6 25. R4a3 (25. Rxa5 $11 {keeps the balance.} Rxa5 26. Rxa5) 25... Rb2 26. R1a2 Rxa2 27. Rxa2 Nc5 28. Kf1 {Black keeps a firm grip on the game.} a4 29. Ke1 f5 30. f3 Rb8 31. Kd1 f4 32. Kc1 (32. Kc2 $17) 32... Kh6 $19 33. Rb2 $2 {[#]} (33. Ra3 $17 {is tougher.}) 33... Rxb2 34. Kxb2 {[%mdl 4096] Endgame KBN-KBN} Kg5 35. Nf1 Kh4 36. Ka3 h5 37. Kb2 (37. d4 $142 exd4 38. Kb4) 37... Bd7 38. Ka3 g5 39. Kb4 Be8 40. Ka3 Bc6 41. Kb4 Bd7 42. Ka3 Nb3 43. Bd1 Nc5 $2 (43... Nd4 $19 {Threatens to win with ...Bxh3!} 44. Bxa4 Bxh3 45. gxh3 Kxh3 46. Bd7+ Kg2 {[%mdl 64] Double Attack}) 44. Bc2 $2 {[%mdl 8192]} (44. Be2 $11 Bxh3 45. gxh3 Kxh3 46. Nd2) 44... g4 45. hxg4 hxg4 46. fxg4 Bxg4 47. Kb4 Be2 48. Nd2 Bxd3 49. Bxa4 Kg3 50. Bd1 Nxe4 51. Nf3 Nf2 52. Ne1 {[#]} Bxc4 $1 {[%mdl 512]} 53. Bf3 (53. Kc3 Nxd1+) 53... Nd3+ 54. Kxc4 Nxe1 {KB-KN} 55. Be4 Nxg2 56. Kd5 f3 57. Kxd6 f2 {Black mates.} 58. Bd3 e4 59. Be2 Nf4 {Weighted Error Value: White=0.82/Black=0.16} 0-1

[Event "Vezerkepzo GM October 2021"]
[Site "Budapest"]
[Date "2021.10.20"]
[Round "7.2"]
[White "Pap, Misa"]
[Black "Mahitosh Dey"]
[Result "1-0"]
[WhiteElo "2397"]
[BlackElo "2229"]
[Annotator "TA"]
[PlyCount "109"]
[EventDate "2021.10.14"]
[EventCountry "HUN"]
[SourceTitle "playchess.com"]
[Source "ChessBase"]
[SourceQuality "1"]

{[%evp 11,109,22,20,4,3,-6,0,0,16,-10,13,-11,-7,0,16,10,37,12,43,47,43,13,23,15,13,0,0,0,73,-43,-44,-16,106,100,117,117,117,116,117,117,129,93,158,154,161,154,164,164,258,258,258,224,217,202,202,205,220,217,212,206,201,126,155,122,170,143,195,204,175,157,295,286,303,262,277,327,541,524,568,555,920,902,1920,1927,1761,1599,4722,4351,4714,4609,29966,12778,29974,29975,29989,29990,29990,29990,29990,29985]} 1. e4 e5 2. Nf3 Nc6 3. Bb5 a6 4. Ba4 Nf6 5. d3 Bc5 6. Bxc6 dxc6 7. Nbd2 {C77: Ruy Lopez: 3...a6 4 Ba4 Nf6, unusual lines.} Be6 8. Nb3 Bb6 9. O-O {The position is equal.} Qd6 {[#]} 10. Be3 $146 (10. Nbd2 {keeps more tension.} O-O 11. a4 Ba5 12. Ng5 Bg4 13. f3) ({Predecessor:} 10. Bd2 O-O 11. Bc3 Nd7 12. Na5 Bxa5 13. Bxa5 f6 14. h3 c5 15. Bc3 Nb8 16. Bd2 {0-1 (28) Junge,K-Wyrwala,M GER email 2002}) 10... O-O-O 11. Ng5 Bxb3 12. axb3 Rd7 13. Nf3 Qe6 14. Nd2 Bd4 15. Bxd4 Rxd4 16. Ra5 {next Nc4 is good for White.} Rdd8 17. Qe2 Nd7 18. Nc4 f6 19. Qe3 Nb8 (19... Kb8 $11) 20. Rfa1 ({White should play} 20. Ra3 $16) 20... b6 $15 21. R5a3 g5 (21... c5 $11) 22. b4 $36 {[%mdl 2048] White is in control.} Rd7 23. Qe1 h5 24. Ne3 g4 25. Nf5 h4 26. Qe2 g3 ({Black should try} 26... h3) 27. fxg3 hxg3 {[#]} 28. h3 Rg8 29. Rf1 c5 (29... Kb7 $142 30. Rf3 Qe8) 30. bxc5 $18 bxc5 31. Rc3 Nc6 32. Rxc5 Nd4 33. Nxd4 Rxd4 34. Qe1 Qb6 35. Qa5 {[#] White wants to mate with Qxb6.} Kb7 36. Qxb6+ cxb6 37. Rd5 Rxd5 38. exd5 $16 {[%mdl 4096] Endgame KR-KR} Rg6 (38... Rc8 $16) 39. c4 a5 40. Rf5 Kc7 (40... b5 $16 {is a better defense.} 41. cxb5 Kb6) 41. Kf1 $18 Kd6 42. Ke2 b5 43. h4 ({Less strong is} 43. cxb5 Kxd5 44. b6 Kc6 $16) 43... bxc4 $2 (43... Rh6 44. h5 (44. cxb5 Kxd5 45. h5 Ke6 $11) 44... Kc5) 44. dxc4 Ke7 45. c5 Rg4 46. Rh5 Rd4 47. Rh7+ Kd8 48. d6 Rc4 49. h5 Rxc5 50. h6 Rc2+ 51. Kf3 Rxb2 52. Ra7 {White mates.} Rb3+ 53. Ke4 Rb4+ 54. Kf5 Rh4 55. h7 {Weighted Error Value: White=0.14/Black=0.55} 1-0